[Event "Belgrade tt Cup"]
[Site "Belgrade"]
[Date "2015.04.20"]
[Round "1.4"]
[White "Radulovic, Dusan"]
[Black "Martic, Nemanja"]
[Result "0-1"]
[WhiteElo "1974"]
[BlackElo "2178"]
[PlyCount "174"]
[EventDate "2015.04.20"]
[EventType "team-swiss"]
[EventRounds "5"]
[EventCountry "SRB"]
[SourceTitle "CBM 166 Extra"]
[Source "ChessBase"]
[SourceDate "2015.06.18"]
[SourceVersion "1"]
[SourceVersionDate "2015.06.18"]
[SourceQuality "1"]
[WhiteTeam "Bratstvo i Jedinstvo"]
[BlackTeam "PTT"]
[WhiteTeamCountry "SRB"]
[BlackTeamCountry "SRB"]

1. e4 c5 2. Nf3 d6 3. c3 Nf6 4. d3 g6 5. h3 Bg7 6. Be2 0-0 7. 0-0 a6 8. Be3 Nbd7 9. Nbd2 b5 10. Rc1 Bb7 11. Qc2 Qc7 12. Qb1 Rfc8 13. Nh2 d5 14. f4 dxe4 15. dxe4 c4 16. Ng4 Nxg4 17. hxg4 Rd8 18. e5 Nc5 19. Bd4 Ne6 20. Be3 Nc5 21. Bd4 Rd7 22. b4 cxb3 23. Nxb3 Na4 24. Bf3 Bxf3 25. Rxf3 e6 26. Re1 Rc8 27. Qd3 Qc4 28. Qxc4 Rxc4 29. Nd2 Rc8 30. Ne4 Rdc7 31. f5 Bf8 32. fxe6 fxe6 33. Rf6 Re8 34. Nd6 Ree7 35. Ref1 Bg7 36. R6f3 Nb2 37. Ne4 Nc4 38. Nf6+ Bxf6 39. Rxf6 Re8 40. R1f2 Rd7 41. R6f4 a5 42. Kh2 a4 43. Rf1 Red8 44. Rb1 Rd5 45. Re1 Rf8 46. Kg3 Re8 47. g5 Red8 48. Rf6 Re8 49. Re4 Nd2 50. Re2 Nc4 51. Re4 Nd2 52. Re2 Nc4 53. Kf4 b4 54. Ke4 b3 55. axb3 axb3 56. Kd3 Na3 57. Rb2 Rb5 58. c4 Rb4 59. Bc5 Nxc4 60. Bxb4 Nxb2+ 61. Kc3 Nd1+ 62. Kxb3 Ne3 63. Bd6 Nxg2 64. Rf2 Ne3 65. Kb4 Nf5 66. Kc5 Rc8+ 67. Kb6 Kf7 68. Ra2 Ne7 69. Ra7 Re8 70. Kc7 Nf5 71. Kd7 h5 72. gxh6 Nxh6 73. Kc6+ Kg8 74. Kd7 Kf7 75. Ra2 g5 76. Rh2 Rh8 77. Be7 g4 78. Bg5 Kg6 79. Bf6 Rh7+ 80. Kxe6 g3 81. Rg2 Nf5 82. Bd8 Rh2 83. Rg1 Nd4+ 84. Kd5 Ne2 85. Bb6 Nxg1 86. Bxg1 Kf5 87. Kd4 Re2 0-1

[Event "SRB-chT"]
[Site "Belgrade"]
[Date "2010.10.11"]
[Round "11"]
[White "Milutinovic, Milan"]
[Black "Martic, Nemanja"]
[Result "1/2-1/2"]
[WhiteElo "2068"]
[BlackElo "2196"]
[PlyCount "20"]
[EventDate "2010.10.01"]
[EventType "team-tourn"]
[EventRounds "11"]
[EventCountry "YUG"]
[SourceTitle "CBM 138 Extra"]
[Source "ChessBase"]
[SourceDate "2010.10.29"]
[SourceVersion "1"]
[SourceVersionDate "2010.10.29"]
[SourceQuality "1"]

1. Nf3 Nf6 2. c3 c5 3. d3 e6 4. e4 d6 5. Be2 Be7 6. 0-0 a6 7. a4 0-0 8. Nbd2 b6 9. Qc2 Nbd7 10. Re1 Bb7 1/2-1/2

[Event "Belgrade CupT final"]
[Site "Belgrade"]
[Date "2008.04.09"]
[Round "1"]
[White "Martic, Nemanja"]
[Black "Grba, Nina"]
[Result "1-0"]
[WhiteElo "2190"]
[BlackElo "1718"]
[PlyCount "57"]
[EventDate "2008.04.09"]
[EventType "team-swiss"]
[EventRounds "5"]
[EventCountry "SRB"]
[SourceTitle "EXT 2023"]
[Source "ChessBase"]
[SourceDate "2022.10.05"]
[SourceVersion "1"]
[SourceVersionDate "2022.10.05"]
[SourceQuality "1"]

1. e4 e6 2. d4 d5 3. Nc3 dxe4 4. Nxe4 Bd7 5. Nf3 Bc6 6. Bd3 Nd7 7. 0-0 Be7 8. Qe2 Bxe4 9. Qxe4 c6 10. c4 Ngf6 11. Qe2 h6 12. Bf4 0-0 13. Rfd1 Re8 14. Rac1 Qc8 15. Bb1 Nb6 16. a3 a5 17. Ne5 Nbd7 18. Qf3 Nxe5 19. dxe5 Nd7 20. Rc3 Rd8 21. Qg4 Bf8 22. Re1 Kh8 23. Rg3 f5 24. exf6 Nxf6 25. Qg6 Qd7 26. Bxh6 gxh6 27. Qxf6+ Bg7 28. Qg6 Kg8 29. Rf3 1-0

[Event "Belgrade Spring op"]
[Site "Belgrade"]
[Date "2007.03.31"]
[Round "6"]
[White "Martic, Nemanja"]
[Black "Jevtic, Miroljub L"]
[Result "0-1"]
[WhiteElo "2183"]
[BlackElo "2132"]
[PlyCount "116"]
[EventDate "2007.03.26"]
[EventType "swiss"]
[EventRounds "9"]
[EventCountry "YUG"]
[SourceTitle "CBM 117 Extra"]
[Source "ChessBase"]
[SourceDate "2007.05.09"]
[SourceVersion "1"]
[SourceVersionDate "2007.05.09"]
[SourceQuality "1"]

1. e4 e5 2. Nf3 Nc6 3. d4 exd4 4. Nxd4 Qh4 5. Nc3 Bb4 6. Nxc6 Qxe4+ 7. Be2 Bxc3+ 8. bxc3 Qxc6 9. 0-0 d6 10. Qd4 Kf8 11. Bf3 Qb6 12. Qh4 Be6 13. Be3 Qa5 14. Bxb7 Rb8 15. Bf3 Nf6 16. Qd4 a6 17. Qa7 Ke7 18. Rfe1 Rb2 19. a4 Rd8 20. Bb7 Rxc2 21. Bxa6 Qxc3 22. a5 Ra2 23. Rac1 Qxa5 24. Qxc7+ Qxc7 25. Rxc7+ Kf8 26. Bf1 Nd5 27. Rcc1 Nxe3 28. fxe3 d5 29. Re2 Rda8 30. Rcc2 Rxc2 31. Rxc2 Bf5 32. Rd2 Be4 33. Bd3 Ke7 34. Bxe4 dxe4 35. Rd4 f5 36. Rd2 h5 37. Kf2 h4 38. g3 hxg3+ 39. hxg3 Kf6 40. g4 Ra3 41. gxf5 Kxf5 42. Rd8 Kg4 43. Rf8 Ra2+ 44. Kf1 g5 45. Rf7 Ra5 46. Kg2 Ra2+ 47. Kf1 Kg3 48. Rf8 Rh2 49. Rf7 Ra2 50. Rf8 Ra1+ 51. Ke2 g4 52. Rf7 Kh3 53. Rh7+ Kg2 54. Rf7 g3 55. Rf8 Ra2+ 56. Ke1 Rf2 57. Rg8 Kf3 58. Rg7 g2 0-1

[Event "Belgrade Trophy 18th"]
[Site "Obrenovac"]
[Date "2005.??.??"]
[Round "3"]
[White "Martic, Nemanja"]
[Black "Zivkovic, Dejan"]
[Result "0-1"]
[WhiteElo "2190"]
[BlackElo "2036"]
[PlyCount "116"]
[EventDate "2005.11.22"]
[EventType "swiss"]
[EventRounds "9"]
[EventCountry "YUG"]
[SourceTitle "CBM 109 Extra"]
[Source "ChessBase"]
[SourceDate "2006.01.03"]
[SourceVersion "2"]
[SourceVersionDate "2006.01.03"]
[SourceQuality "1"]

1. e4 c6 2. d4 d5 3. Nc3 dxe4 4. Nxe4 Bf5 5. Ng3 Bg6 6. h4 h6 7. Nf3 Nd7 8. h5 Bh7 9. Bd3 Bxd3 10. Qxd3 Ngf6 11. Bf4 Qa5+ 12. Bd2 Qc7 13. 0-0-0 e6 14. Ne4 Nxe4 15. Qxe4 Nf6 16. Qe2 0-0-0 17. Kb1 Bd6 18. c4 c5 19. Bc3 cxd4 20. Nxd4 a6 21. Nf3 Qe7 22. Ba5 Bc7 23. Bxc7 Qxc7 24. Ne5 Rxd1+ 25. Rxd1 Rd8 26. f4 Rxd1+ 27. Qxd1 Ne4 28. Qd3 f5 29. g4 Qd6 30. Qxd6 Nxd6 31. g5 Ne4 32. gxh6 gxh6 33. Kc2 Nf6 34. Kd3 Nxh5 35. Ng6 Kd7 36. Kd4 Nf6 37. Ke5 Ng4+ 38. Kd4 h5 39. b4 Kc6 40. a4 b6 41. Nh4 a5 42. bxa5 bxa5 43. Nf3 Kd6 44. Nh4 Nf2 45. Ng6 Ne4 46. Ne5 h4 47. c5+ Nxc5 48. Nc4+ Kc7 49. Ke3 Nxa4 50. Nxa5 h3 51. Kf3 Nc5 52. Kg3 Nd3 53. Kxh3 Nxf4+ 54. Kh4 Kd6 55. Kg5 Ke5 56. Nc4+ Kd5 57. Nb6+ Ke4 58. Nc4 Kd4 0-1

[Event "Belgrade Trophy 17th"]
[Site "Obrenovac"]
[Date "2004.11.29"]
[Round "8"]
[White "Martic, Nemanja"]
[Black "Vasiljevic, Dragan"]
[Result "1/2-1/2"]
[WhiteElo "2170"]
[BlackElo "2321"]
[PlyCount "94"]
[EventDate "2004.11.22"]
[EventType "swiss"]
[EventRounds "9"]
[EventCountry "YUG"]
[SourceTitle "CBM 103 Extra"]
[Source "ChessBase"]
[SourceDate "2005.01.01"]
[SourceVersion "1"]
[SourceVersionDate "2005.01.01"]
[SourceQuality "1"]

1. e4 e6 2. d4 d5 3. Nc3 Bb4 4. e5 Ne7 5. a3 Bxc3+ 6. bxc3 b6 7. Qg4 Ng6 8. Ne2 h5 9. Qf3 Ba6 10. g3 Qd7 11. h4 Qa4 12. Kd1 Nc6 13. Rb1 Nge7 14. Nf4 Bxf1 15. Rxf1 g6 16. Nd3 Nf5 17. Qf4 0-0-0 18. Rh1 Na5 19. Rb4 Qc6 20. Bd2 Nc4 21. a4 a5 22. Rb5 Na3 23. Rb3 Nc4 24. Rb5 Qe8 25. Bc1 Rh7 26. f3 Ne7 27. Qf6 Ng8 28. Qg5 Ne7 29. Qf4 Nc6 30. Rb1 Ne7 31. Ra1 Qd7 32. Qf6 Nf5 33. Qg5 Rdh8 34. Ke2 Qc6 35. Rg1 Qd7 36. Kf2 Kb7 37. Rb1 Kc8 38. Ra1 Qe8 39. Ke2 Qd7 40. Kf2 Qc6 41. Ke2 Qd7 42. Ra2 Ne7 43. Qf6 Ng8 44. Qf4 Qe8 45. Ra1 Kb7 46. Kf2 Kc8 47. Ra2 Qe7 1/2-1/2

[Event "EU-ch U14"]
[Site "Budva"]
[Date "2003.09.15"]
[Round "3"]
[White "Martic, Nemanja"]
[Black "Berczes, David"]
[Result "0-1"]
[WhiteElo "2164"]
[BlackElo "2393"]
[PlyCount "88"]
[EventDate "2003.09.13"]
[EventType "swiss"]
[EventRounds "9"]
[EventCountry "YUG"]
[SourceTitle "CBM 096 Extra"]
[Source "ChessBase"]
[SourceDate "2003.10.22"]
[SourceVersion "2"]
[SourceVersionDate "2003.10.20"]
[SourceQuality "1"]

1. e4 c5 2. Nf3 e6 3. d4 cxd4 4. Nxd4 a6 5. Nc3 b5 6. Bd3 Bb7 7. 0-0 Qc7 8. Nb3 Nf6 9. a3 d6 10. f4 Nbd7 11. Be3 Be7 12. Qe2 0-0 13. a4 b4 14. Na2 Nxe4 15. Nxb4 a5 16. Na2 Ndc5 17. Nxc5 Nxc5 18. Bb5 Bf6 19. c4 Bc6 20. Nc3 Bxc3 21. bxc3 Ne4 22. Rac1 Rac8 23. Ba6 Ra8 24. Bb5 Rfc8 25. f5 Bxb5 26. cxb5 Qc4 27. Qf3 e5 28. b6 Rab8 29. Rfe1 d5 30. h4 f6 31. h5 h6 32. Kh2 Kh7 33. Qg4 Kh8 34. Qg6 Rb7 35. Rc2 Qxa4 36. Rce2 Qe8 37. Qg4 Nxc3 38. Rc2 Rc4 39. Qh3 Qa4 40. Qg3 Qxc2 41. Qg6 Qa4 42. Bxh6 Qd7 43. Bxg7+ Qxg7 44. Qe8+ Qg8 0-1

[Event "Belgrade Jezero op 09th"]
[Site "Belgrade"]
[Date "2003.08.17"]
[Round "4"]
[White "Martic, Nemanja"]
[Black "Rakic, Marija"]
[Result "1/2-1/2"]
[WhiteElo "2164"]
[BlackElo "1979"]
[PlyCount "80"]
[EventDate "2003.08.14"]
[EventType "swiss"]
[EventRounds "9"]
[EventCountry "YUG"]
[SourceTitle "EXT 2004"]
[Source "ChessBase"]
[SourceDate "2003.11.25"]
[SourceVersion "1"]
[SourceVersionDate "2003.11.25"]
[SourceQuality "1"]

1. e4 Nf6 2. e5 Nd5 3. d4 d6 4. Nf3 Bg4 5. Be2 e6 6. c4 Nb6 7. 0-0 dxe5 8. Nxe5 Bxe2 9. Qxe2 Qxd4 10. Re1 Bc5 11. Nd2 N8d7 12. Ndf3 Qd6 13. Bf4 Qe7 14. Nxd7 Qxd7 15. Qe5 Bd6 16. Qxg7 0-0-0 17. Bxd6 cxd6 18. Qc3 Kb8 19. Red1 Qc7 20. Rac1 Rhg8 21. b3 Qc6 22. g3 a6 23. a4 e5 24. a5 Nc8 25. b4 Ne7 26. Qb3 Rc8 27. b5 axb5 28. cxb5 Qxc1 29. Rxc1 Rxc1+ 30. Kg2 e4 31. Nd4 d5 32. Qa3 Rc7 33. b6 Rd7 34. a6 Nc8 35. axb7 Kxb7 36. Qc5 Nxb6 37. Qc6+ Ka6 38. Qb5+ Kb7 39. Qc6+ Ka6 40. Qb5+ Kb7 1/2-1/2

[Event "Belgrade Jezero op 09th"]
[Site "Belgrade"]
[Date "2003.08.15"]
[Round "2"]
[White "Martic, Nemanja"]
[Black "Miljkovic, Miroslav M"]
[Result "0-1"]
[WhiteElo "2164"]
[BlackElo "2414"]
[PlyCount "74"]
[EventDate "2003.08.14"]
[EventType "swiss"]
[EventRounds "9"]
[EventCountry "YUG"]
[SourceTitle "EXT 2004"]
[Source "ChessBase"]
[SourceDate "2003.11.25"]
[SourceVersion "1"]
[SourceVersionDate "2003.11.25"]
[SourceQuality "1"]

1. e4 c5 2. Nf3 Nc6 3. d4 cxd4 4. Nxd4 Nf6 5. Nc3 e5 6. Ndb5 d6 7. Bg5 a6 8. Na3 b5 9. Nd5 Be7 10. Bxf6 Bxf6 11. c3 0-0 12. Be2 Bg5 13. Nc2 Ne7 14. Nce3 Be6 15. 0-0 Bxe3 16. Nxe3 Qb6 17. Bg4 Rad8 18. Bxe6 fxe6 19. Qb3 d5 20. exd5 exd5 21. c4 Qe6 22. cxd5 Nxd5 23. Rfd1 Nf4 24. Qxe6+ Nxe6 25. Ng4 e4 26. Rac1 Nf4 27. Rxd8 Rxd8 28. Kf1 Rd2 29. Ne5 h5 30. g3 Nd3 31. Nxd3 exd3 32. Rb1 Kf7 33. a3 Ke6 34. b3 Kd5 35. a4 b4 36. Kg2 Kd4 37. Rc1 Rc2 0-1

[Event "Belgrade Spring op"]
[Site "Belgrade"]
[Date "2003.03.28"]
[Round "4"]
[White "Martic, Nemanja"]
[Black "Vujosevic, Dimitrije"]
[Result "1-0"]
[WhiteElo "2142"]
[BlackElo "2142"]
[PlyCount "83"]
[EventDate "2003.03.25"]
[EventType "swiss"]
[EventRounds "9"]
[EventCountry "YUG"]
[SourceTitle "CBM 093 Extra"]
[Source "ChessBase"]
[SourceDate "2003.05.09"]
[SourceVersion "1"]
[SourceVersionDate "2003.05.09"]
[SourceQuality "1"]

1. e4 c5 2. Nf3 e6 3. d4 cxd4 4. Nxd4 a6 5. Nc3 b5 6. a3 Bb7 7. Be3 Qc7 8. Bd3 Nf6 9. 0-0 b4 10. axb4 Bxb4 11. f3 Bxc3 12. bxc3 Qxc3 13. Ne2 Qc7 14. Rb1 e5 15. Qe1 Nc6 16. Ng3 h5 17. Bb6 Qb8 18. Bc5 g6 19. Qe3 h4 20. Ne2 Qc7 21. Qg5 Ng8 22. Rfd1 Rh5 23. Qe3 Nge7 24. Bb6 Qc8 25. Nc3 d6 26. Be2 Qb8 27. Qd3 Nc8 28. Be3 f6 29. Nd5 Kf7 30. Qb3 Nd8 31. Nb6+ Kg7 32. Nxa8 Qxa8 33. Bc4 Rh7 34. Bd5 Kf8 35. Bxb7 Rxb7 36. Qd5 Rb8 37. Qa5 Nc6 38. Qc7 Rb5 39. Rxb5 axb5 40. Qh7 N6e7 41. Qxh4 Qc6 42. Qxf6+ 1-0

[Event "Belgrade Spring op"]
[Site "Belgrade"]
[Date "2003.03.26"]
[Round "2"]
[White "Martic, Nemanja"]
[Black "Cobic, Vladimir"]
[Result "0-1"]
[WhiteElo "2142"]
[BlackElo "2353"]
[PlyCount "104"]
[EventDate "2003.03.25"]
[EventType "swiss"]
[EventRounds "9"]
[EventCountry "YUG"]
[SourceTitle "CBM 093 Extra"]
[Source "ChessBase"]
[SourceDate "2003.05.09"]
[SourceVersion "1"]
[SourceVersionDate "2003.05.09"]
[SourceQuality "1"]

1. e4 d6 2. d4 Nf6 3. Nc3 c6 4. Nf3 Qa5 5. Bd3 Bg4 6. Bd2 Qb6 7. Na4 Bxf3 8. Nxb6 Bxd1 9. Nxa8 Bg4 10. b4 Kd8 11. b5 cxb5 12. e5 Nfd7 13. a4 b4 14. a5 Kc8 15. exd6 exd6 16. Rb1 Nc6 17. a6 Nf6 18. Bxb4 b6 19. Ba3 d5 20. Nxb6+ axb6 21. Bxf8 Rxf8 22. Rxb6 Nxd4 23. 0-0 Nd7 24. Rb2 Kc7 25. Rb7+ Kd6 26. Rfb1 Ra8 27. f3 Bf5 28. Bxf5 Nxf5 29. a7 Nd4 30. c4 Ne6 31. cxd5 Nec5 32. Rb8 Rxa7 33. Rh8 Nf6 34. Rd8+ Ncd7 35. Rc8 g6 36. Rd1 Nxd5 37. Rh8 h5 38. Rd8 Ke7 39. Rc8 Nf4 40. Re1+ Kf6 41. Rc4 Ne6 42. Rc6 Ne5 43. Rd6 Ra2 44. f4 Ng4 45. h3 Nh6 46. Rb6 h4 47. Rb4 Nf5 48. Rf1 Ng3 49. Rf3 Nd4 50. Rb6+ Kf5 51. Rd3 Nde2+ 52. Kh2 Nxf4 0-1